Výzkum formalismu ve znalosti fyzikálního zákona /

Uložené v:
Podrobná bibliografia
Hlavný autor: Hniličková, Jitka (Author)
Médium: Kniha
Jazyk:Czech
Vydané: Praha : Academia, 1970.
Edícia:Studie ČSAV ; 9
ISBN: (brož.)
Fyzický popis: 55 s.
Tagy: Pridať tag
Žiadne tagy, Buďte prvý kto otaguje tento záznam!

MARC

LEADER 00000nam a2200000 a 4500
001 000175673
005 20100702105436.0
008 050618s1970 xr cze d
020 |a (brož.)  |c Kčs 8,00 
040 |a SVKKK  |b slo  |c SVKKK  |e AACR2 
041 0 |a cze 
044 |a xr  |c CZ 
100 1 |a Hniličková, Jitka  |4 aut 
245 1 0 |a Výzkum formalismu ve znalosti fyzikálního zákona /  |c Jitka Hniličková. 
260 |a Praha :  |b Academia,  |c 1970. 
300 |a 55 s. 
490 0 |a Studie ČSAV ;  |v 9 
910 |a svkkk 
998 |a BK 
090 |g SCKHL  |k Sklad Pribinova 1. posch.  |a IV.68616  |j 466318  |i 175673-10  |s Absenčne